02025nam a2200241Ia 4500001000400000008004100004010000800045041001400053082002000067245024200087260001800329300000700347520000700354630001300361630002800374630001700402630002900419650002500448700003300473700003800506700003600544520120300580958241029s9999 xx 000 0 und d a878 aEspañol aTPG MCE 10-2007 0aPropuesta metodológica para el desarrollo de la habilidad obtener información en la asignatura análisis y diseño de sistemas I de la carrera Técnico Analista en Sistema de Información, Universidad APEC, República Dominicana aSanto Domingo a63 a18 aDocentes aDocentes Universitarios aMotivación aPropuesta Metodológica aPrograma de Estudios easesoraMontes de Oca, Nancy eautoraSantana Ramirez , Ruben D. easesoraMachado Ramirez, Evelio aLa investigación se planteó como objetivo principal elaborar una propuesta metodológica que favorezca el desarrollo de la habilidad de obtener información durante el diseño de sistemas en los estudiantes de Técnico Analista en sistemas de Información (TAS).  En la misma se empleó el método histórico-lógico, y las técnicas utilizadas fueron el análisis documental, entrevistas y revisión bibliográfica; se aplicó un cuestionario como instrumento.    Como resultado de esta investigación se puede elevar el nivel de preparación en el orden metodológico de los maestros que imparten la asignatura Análisis y Diseño de Sistemas I, al integrar lo académico, lo laboral y lo investigativo.  Se recomienda a las autoridades de UNAPEC la ejecución de cursos talleres orientados a la aplicación de la  propuesta metodológica para los docentes que tienen a cargo la asignatura Análisis y Diseño de Sistemas I.  Establecer acuerdos con empresas para que los estudiantes de TAS realicen trabajos de investigación en un ambiente laboral, lo cual favorecería la motivación de los discentes y facilitaría el proceso de enseñanza-aprendizaje.